| 000 | 00663nam a2200193 i 4500 | ||
|---|---|---|---|
| 001 | 75768 | ||
| 003 | ES-MaACL | ||
| 005 | 20230906172605.0 | ||
| 007 | t| | ||
| 008 | 040927s1971 sp ||||1| spa d | ||
| 100 | 1 |
_aGrau, Reinhold. _959741 |
|
| 245 | 1 | 3 |
_aLa investigación en la ciencia de la carne / _cReinhold Grau ; traducido por Rafael Viñarás García y Fé Tundidor Pérez de Viñarás. |
| 260 |
_aZaragoza : _bAcribia, _c1971. |
||
| 300 |
_a83 p. ; _c22 cm. |
||
| 650 | 4 |
_aCarne- _xTecnología. _9161536 |
|
| 700 | 1 |
_aViñarás García, Rafael. _9115367 |
|
| 700 | 1 |
_aTundidor Pérez de Viñarás, Fé. _9111675 |
|
| 852 |
_aES-MaACL _jC-44639 _bR.76909 |
||
| 999 |
_c75768 _d75768 |
||